Badminton : (Record no. 153123)

MARC details
000 -LEADER
fixed length control field 00593nam a22002057a 4500
005 - DATE AND TIME OF LATEST TRANSACTION
control field 20180626160812.0
008 - FIXED-LENGTH DATA ELEMENTS--GENERAL INFORMATION
fixed length control field 180626b xxu||||| |||| 00| 0 eng d
010 ## - LCCN (DPL NO)
LC control number B-023908
020 ## - INTERNATIONAL STANDARD BOOK NUMBER
International Standard Book Number 8185361320
Terms of availability 0.00
035 ## - SYSTEM CONTROL NUMBER
System control number B-023908
037 ## - SOURCE OF ACQUISITION
Source of stock number/acquisition BPPD/PUB
040 ## - CATALOGING SOURCE
Original cataloging agency DPL
Language of cataloging Eng
082 ## - DEWEY DECIMAL CLASSIFICATION NUMBER
Classification number 796.345
100 ## - MAIN ENTRY--PERSONAL NAME
Personal name JADHAV, J.N.
245 ## - TITLE STATEMENT
Title Badminton :
Statement of responsibility, etc J.N.JADHAV
Remainder of title Skills and techniques
260 ## - PUBLICATION, DISTRIBUTION, ETC. (IMPRINT)
Place of publication, distribution, etc Mumbai
Name of publisher, distributor, etc Marine Sports Publishing
Date of publication, distribution, etc 2000
270 ## - ADDRESS
Address 63A, Gokhale Road Dadar
City New Delhi
Postal code 400028
300 ## - PHYSICAL DESCRIPTION
Extent 121p.
Dimensions 21cm(Hb)
942 ## - ADDED ENTRY ELEMENTS (KOHA)
Source of classification or shelving scheme Dewey Decimal Classification
Item type English Books
Classification part 796.345
Call number suffix JAD
Holdings
Withdrawn status Lost status Source of classification or shelving scheme Damaged status Not for loan Collection code Home library Current library Date acquired Source of acquisition Cost, normal purchase price Total Checkouts Full call number Barcode Date last seen Cost, replacement price Koha item type
    Dewey Decimal Classification     Non-fiction Shahdara Branch Shahdara Branch 26/06/2018 BPPD/PUB 0.00   796.345 JAD B-023908 26/06/2018 0.00 English Books

© Delhi Public Library
Hit Counter
free hit counter